00400nam a2200145Ia 4500008004100000020001800041041001200059100001700071245007800088250000800166260003500174300000900209650001900218700001700237221030s9999 xx 000 0 und d a9788177583250 aEnglish aG. B. Thomas 0aCalculus & Analytical Geometry 9th Editioncby G. B. Thomas, R. L. Finney a9th bPearson EducationaNoidac2021 a1157 aBE Mathematics aR. L. Finney